<?xml version="1.0" encoding="UTF-8"?><marc:collection xmlns:marc="http://www.loc.gov/MARC21/slim">
  <marc:record>
    <marc:leader>00000nam##2200000za#4500</marc:leader>
    <marc:controlfield tag="001">9.642040</marc:controlfield>
    <marc:controlfield tag="003">CaOODSP</marc:controlfield>
    <marc:controlfield tag="005">20210624223514</marc:controlfield>
    <marc:controlfield tag="007">cr |||||||||||</marc:controlfield>
    <marc:controlfield tag="008">150407|2001||||xxc|||||o    f|0| 0 fre|d</marc:controlfield>
    <marc:datafield tag="040" ind1=" " ind2=" ">
      <marc:subfield code="a">CaOODSP</marc:subfield>
      <marc:subfield code="b">fre</marc:subfield>
    </marc:datafield>
    <marc:datafield tag="043" ind1=" " ind2=" ">
      <marc:subfield code="a">n-cn---</marc:subfield>
    </marc:datafield>
    <marc:datafield tag="086" ind1="1" ind2=" ">
      <marc:subfield code="a">M37-50/2006F-PDF</marc:subfield>
    </marc:datafield>
    <marc:datafield tag="110" ind1="1" ind2=" ">
      <marc:subfield code="a">Canada.</marc:subfield>
      <marc:subfield code="b">Ressources naturelles Canada. </marc:subfield>
      <marc:subfield code="b">Secteur des minéraux et des métaux.</marc:subfield>
    </marc:datafield>
    <marc:datafield tag="245" ind1="1" ind2="0">
      <marc:subfield code="a">Horizon 2006 - une vision stratégique pour 2001-2006 </marc:subfield>
      <marc:subfield code="h">[ressource électronique]</marc:subfield>
    </marc:datafield>
    <marc:datafield tag="260" ind1=" " ind2=" ">
      <marc:subfield code="a">Ottawa - Ontario : </marc:subfield>
      <marc:subfield code="b">Ressources naturelles Canada. </marc:subfield>
      <marc:subfield code="c">2001.</marc:subfield>
    </marc:datafield>
    <marc:datafield tag="300" ind1=" " ind2=" ">
      <marc:subfield code="a">34p.</marc:subfield>
      <marc:subfield code="b">photographies</marc:subfield>
    </marc:datafield>
    <marc:datafield tag="500" ind1=" " ind2=" ">
      <marc:subfield code="a">Le n° de catalogue (M37-50/2006F) et l'ISBN (0-662-86164-7) de l'édition imprimée ont été incorrectement copiés dans l'édition électronique.</marc:subfield>
    </marc:datafield>
    <marc:datafield tag="520" ind1="3" ind2=" ">
      <marc:subfield code="a">Rapport définissant la vision, la mission et le mandat du Secteur des minéraux et des métaux de Ressources naturelles Canada. Il décrit six tendances qui façonneront l'avenir de ce secteur, ainsi que le plan stratégique quinquennal ayant débuté en 2001. Il souligne quatre orientations stratégiques : se faire les champions de l'innovation, assurer au Canada une forte présence sur la scène internationale, contribuer à la santé et à la sécurité des collectivités canadiennes, et appuyer une industrie canadienne vibrante et responsable. Il traite de plus des programmes permettant à l'organisme de demeurer à la fine pointe du savoir. Ce rapport a visé la vision, la mission et le mandat des minerais et du secteur en métal des ressources naturelles Canada. Il décrit six tendances qui formeront le futur du secteur, et présente un plan stratégique pour la période de cinq ans commençant en 2001. Il note quatre directions stratégiques: soutien de l'innovation; assurer une voix internationale forte pour le Canada; contribuant à la salubrité, à la sûreté et à la sécurité des communautés canadiennes; et soutenant une industrie canadienne vibrant et responsable. Il souligne également les plans du secteur pour être une organisation de la connaissance.</marc:subfield>
    </marc:datafield>
    <marc:datafield tag="590" ind1=" " ind2=" ">
      <marc:subfield code="a">13-15-Supp</marc:subfield>
      <marc:subfield code="b">2013-06-24</marc:subfield>
    </marc:datafield>
    <marc:datafield tag="691" ind1="0" ind2="7">
      <marc:subfield code="a">Minerai</marc:subfield>
      <marc:subfield code="2">gcpds</marc:subfield>
    </marc:datafield>
    <marc:datafield tag="691" ind1="0" ind2="7">
      <marc:subfield code="a">Métal</marc:subfield>
      <marc:subfield code="2">gcpds</marc:subfield>
    </marc:datafield>
    <marc:datafield tag="691" ind1="0" ind2="7">
      <marc:subfield code="a">Politique industrielle</marc:subfield>
      <marc:subfield code="2">gcpds</marc:subfield>
    </marc:datafield>
    <marc:datafield tag="775" ind1="0" ind2="8">
      <marc:subfield code="t">Focus 2006 - a strategic vision for 2001-2006 </marc:subfield>
      <marc:subfield code="w">(CaOODSP)9.698044</marc:subfield>
    </marc:datafield>
    <marc:datafield tag="776" ind1="0" ind2="#">
      <marc:subfield code="t">Horizon 2006: une vision stratégique pour 2001-2006 </marc:subfield>
      <marc:subfield code="w">(CaOODSP)9.681594</marc:subfield>
    </marc:datafield>
    <marc:datafield tag="856" ind1="4" ind2="0">
      <marc:subfield code="a">http://publications.gc.ca</marc:subfield>
      <marc:subfield code="q">PDF</marc:subfield>
      <marc:subfield code="s">372 Ko</marc:subfield>
      <marc:subfield code="u">https://publications.gc.ca/collections/Collection/M37-50-2006F.pdf</marc:subfield>
    </marc:datafield>
  </marc:record>
</marc:collection>
